书目信息 |
| 题名: |
计算机组装维修教程与上机实训
|
|
| 作者: | 张飏 , 赵庆文 主编 | |
| 分册: | ||
| 出版信息: | 北京 中国铁道出版社 2007.09 |
|
| 页数: | 351页 | |
| 开本: | 26cm | |
| 丛书名: | ||
| 单 册: | ||
| 中图分类: | TP303 | |
| 科图分类: | ||
| 主题词: | 计算技术 , 电子计算机 | |
| 电子资源: | ||
| ISBN: | 978-7-113-08291-8 | |
| 000 | 00730nam0 2200229 450 | |
| 001 | 0840848740 | |
| 005 | 20080303112217.25 | |
| 010 | @a978-7-113-08291-8@dCNY35.00 | |
| 100 | @a20080303d2007 km y0chiy0120 ea | |
| 101 | 0 | @achi |
| 102 | @aCN@b110000 | |
| 200 | 1 | @a计算机组装维修教程与上机实训@Aji suan ji zu zhuang wei xiu jiao cheng yu shang ji shi xun@f张飏,赵庆文主编@Fzhang yang,zhao qing wen zhu bian |
| 205 | @a2版 | |
| 210 | @a北京@c中国铁道出版社@d2007.09 | |
| 215 | @a351页@d26cm | |
| 606 | 0 | @a计算技术 |
| 606 | 0 | @a电子计算机 |
| 690 | @aTP303@v4 | |
| 701 | 0 | @a张飏@Azhang yang@4主编 |
| 701 | 0 | @a赵庆文@Azhao qing wen@4主编 |
| 801 | 0 | @aCN@b大连网信软件有限公司图书馆·11@c20080303 |
| 905 | @aZUCC@dTP303@eZ222 | |
| 计算机组装维修教程与上机实训/张飏,赵庆文主编.-2版.-北京:中国铁道出版社,2007.09 |
| 351页;26cm |
| ISBN 978-7-113-08291-8:CNY35.00 |
| ● |
| 相关链接 |
|
|
|
正题名:计算机组装维修教程与上机实训
索取号:TP303/Z222
 
预约/预借
| 序号 | 登录号 | 条形码 | 馆藏地/架位号 | 状态 | 备注 |
| 1 | 479741 | 204797416 | 期刊室512/ [索取号:TP303/Z222] | 在馆 |